000 00638nam a2200253Ia 4500
003 OSt
005 20221007101204.0
006 a|||||r|||| 00| 0
007 ta
008 221006b |||||||| |||| 00| 0 eng d
024 _a6,004
037 _cTextual
040 _aLCO
_cLCO
_beng
041 _2eng
_aeng
082 _aX4:(Z), L3
100 _aGandhi A.B.
245 0 _aCarriage of Goods by Sea and Bills of Lading
250 _a1st
260 _aBombay
_bMilan Law Publishers India
_c1973
300 _a393
650 _aCARRIAGE
942 _hX4:(Z), L3
_cTEXL
999 _c1175567
_d1175567